| 000 | 00731nam a22002417a 4500 | ||
|---|---|---|---|
| 003 | DO-SdBNP | ||
| 005 | 20171205131146.0 | ||
| 008 | 171108b 1974||||| |||| 00| 0 spa d | ||
| 020 | _a8470805541 | ||
| 040 |
_aBPMSU _bspa _cBPMSU |
||
| 082 |
_axxxxxxx _bxxxxxxx |
||
| 100 | 1 | _aLorman, José | |
| 245 | 1 |
_aRumbo a elobey / _cJosé Lorman ; ilustración J. M. Bea ; edición José María Carendell |
|
| 260 |
_aBarcelona : _bLa Gaya Ciencia ; _c1974. |
||
| 300 |
_a209 p. : _bil. ; _c18 cm. |
||
| 490 | 1 |
_aMoby Dick _v54 |
|
| 700 | 1 |
_aBea, J. M., _eil. |
|
| 700 | 1 |
_aCarandell, José María, _eed. |
|
| 830 | 0 |
_aMoby Dick _n54 |
|
| 942 |
_2ddc _cBK |
||
| 945 | _ainventariado extranjero / DG | ||
| 956 |
_aBTAVAREZ _b10 _c20171108 _d0038 |
||
| 999 |
_c12790 _d12790 |
||